000 00551nam a2200193Ia 4500
008 190412s9999 xx 000 0 und d
100 _aYsabel Gerrard
245 _aBeyond the hashtag: Circumventing content moderation on social media /
245 _cYsabel Gerrard
260 _bSage
260 _c2018
300 _apages 4492-4511, December 2018
440 _aNew Media & Society
_v20 (12)
650 _aAlgorithms
650 _aContent Moderation
650 _aEating Disorders
650 _aMEDIA & SOCIETY
942 _2lcc
_cSE
999 _c361400
_d361400